1365 1933 1313 1377 1525 1043 1478 1848 1729 1374 1604 1733 1964 1464 1166 1802 1073 1614 1524 1421 1691 1745 1715 1633 1867 1764 1788 1502 1702 1613 1241 1400 1150 1701 1004 1723 1587 1865 1060 1745 1504 1397 1004 1042 1867 1575 1070 1422 1989 1895 1245 1689 1085 1133 1050 1073 1386 1847 1370 1097 1545 1344 1648 1837 1890 1630 1348 1968 1872 1580 1980 1477 1123 1756 1213 1730 1525 1374 1841 1810 1941 1866 1757 1723 1935 1551 1956 1279 1353 1573 1888 1324 1376 1586 1909 1948 1834 1137 1648 BCNSPRNW ULIB Ver.6.0+V

เปลี่ยนเป็นภาษาไทย

Change to English
 แสดงรายละเอียดบรรณานุกรม
  กลับหน้าหลัก

Brief Record : Get Marc (ISO 2709) : E-mail record : QR code < ปิดหน้าต่าง
LEADER : 00000nam 2200000uu 4500
001    13399128826
003     ULIB
008    241009s2565||||th 000 0 tha d
020    ^a9786168012321
060 04 ^aWY152^bศ499ก
100 0  ^aศิริอร สินธุ
245 00 ^aการพยาบาลผู้สูงอายุ: ข้อเข่าเสื่อม ทุพโภชนาการ และระยะประคับประคอง = Geriatric nursing: knee osteoarthritis, malnutrition, and palliative care /^cบรรณาธิการ, ศิริอร สินธุ
260    ^aกรุงเทพฯ :^bสภาการพยาบาล,^c2565
300    ^a247 หน้า :^bภาพประกอบ :^c30 ซม.
650  4 ^aการพยาบาลผู้สูงอายุ
945    ^p550^l0^i011012
945    ^p550^l0^i011013
945    ^p550^l0^i011014
945    ^p550^l0^i011015
945    ^p550^l0^i011016
945    ^p550^l0^i011017
945    ^p550^l0^i011018
945    ^p550^l0^i011019
999    ^aประนอม เกษจรัล
รายการนี้ยังไม่มีแท็ก
คุณยังไม่ได้ล็อกอิน คุณสามารถมีกิจกรรมร่วมกับเว็บไซต์ได้ แต่ต้องล็อกอินก่อน ::
  ล็อกอิน

รายการสื่อสารสนเทศ

ลำดับที่ ประเภท เลขเรียก/บาร์โค้ด สถานที่ สถานะ
1. Book การพยาบาล
หนังสือสำรอง
สถานะ=หนังสือสำรอง
WY152 ศ499ก ฉ.1 
  Barcode: 011012
ห้องสมุดวิทยาเขตสวรรค์ประชารักษ์
►หนังสือทั่วไป
บนชั้น
2. Book การพยาบาล
Book การพยาบาล
WY152 ศ499ก ฉ.2 
  Barcode: 011013
ห้องสมุดวิทยาเขตสวรรค์ประชารักษ์
►หนังสือทั่วไป
บนชั้น
3. Book การพยาบาล
Book การพยาบาล
WY152 ศ499ก ฉ.3 
  Barcode: 011014
ห้องสมุดวิทยาเขตสวรรค์ประชารักษ์
►หนังสือทั่วไป
บนชั้น
4. Book การพยาบาล
Book การพยาบาล
WY152 ศ499ก ฉ.4 
  Barcode: 011015
ห้องสมุดวิทยาเขตสวรรค์ประชารักษ์
►หนังสือทั่วไป
บนชั้น
5. Book การพยาบาล
Book การพยาบาล
WY152 ศ499ก ฉ.5 
  Barcode: 011016
ห้องสมุดวิทยาเขตสวรรค์ประชารักษ์
►หนังสือทั่วไป
บนชั้น
6. Book การพยาบาล
Book การพยาบาล
WY152 ศ499ก ฉ.6 
  Barcode: 011017
ห้องสมุดวิทยาเขตสวรรค์ประชารักษ์
►หนังสือทั่วไป
บนชั้น
7. Book การพยาบาล
Book การพยาบาล
WY152 ศ499ก ฉ.7 
  Barcode: 011018
ห้องสมุดวิทยาเขตสวรรค์ประชารักษ์
►หนังสือทั่วไป
บนชั้น
8. Book การพยาบาล
Book การพยาบาล
WY152 ศ499ก ฉ.8 
  Barcode: 011019
ห้องสมุดวิทยาเขตสวรรค์ประชารักษ์
►หนังสือทั่วไป
บนชั้น

รายการใกล้เคียง
    ผู้แต่ง [ศิริอร สินธุ]

    หัวเรื่อง [การพยาบาลผู้สูงอายุ]

BibComment


ยังไม่เคยถูกคอมเมนท์

คอมเมนท์ทรัพยากรรายการนี้
  คอมเมนท์: การพยาบาลผู้สูงอ..


 Copyright 2026. Bcnsprnw @Library